000 01208cam a2200121 4500500
005 20251017185339.0
041 _afre
042 _adc
245 0 0 _aMathématiques. Tout-en-un pour la Licence 3
260 _bDunod,
_c2024.
520 _aCe manuel s’inscrit dans une série en trois volumes, conçue pour couvrir les programmes de mathématiques de la plupart des Licences scientifiques. Il complète le volume 2 en traitant certains sujets habituellement enseignés au niveau de la deuxième année de Licence et il couvre par ailleurs un «tronc commun» des programmes de mathématiques au niveau de la 3e année. Il est composé de onze modules regroupés en trois thèmes: Algèbre et Géométrie, Analyse, Probabilités et Statistique.Sa présentation permet à l’étudiant, quel que soit son cursus, de s’initier à son rythme aux thèmes figurant à son programme et de conforter ses acquis. Avec cet ouvrage de référence, l’étudiant dispose des définitions précises et des énoncés et démonstrations de tous les résultats essentiels.
856 4 1 _uhttps://stm.cairn.info/mathematiques-tout-en-un-pour-la-licence-3-3e-ed--9782100862160?lang=fr&redirect-ssocas=7080
999 _c1550779
_d1550779